Aborto clasificación y técnicas / (Registro nro. 11442)

Detalles MARC
000 -LIDER
fixed length control field 00508nam a22001697a 4500
003 - IDENTIFICACDOR DE NÚMERO DE CONTROL
control field DO-SdBNP
005 - DATE AND TIME OF LATEST TRANSACTION
control field 20171212121511.0
008 - ELEMENTOS DE LONGITUD FIJA
fixed length control field 160919b 1971 XXU||||| |||| 00| 0 spa d
040 ## - FUENTE DE CATALOGACIÓN
Agencia que crea de manera original el registro BPMSU
Idioma de catalogación spa
Agencia que realiza la transcripción BPMSU
100 ## - ASIENTO PRINCIPAL -- NOMBRE PERSONAL
Nombre personal Kleinman, R: L.
245 ## - MENCIÓN DE TITULO
Título Aborto clasificación y técnicas /
Mención de responsabilidad R. L. Kleinman
260 ## - PUBLICACIÓN, DISTRIBUCIÓN, ETC. (PIE DE IMPRENTA)
Lugar de publicación, distribución, etc London :
Nombre del editor, distribuidor, etc. Federación Internacional de Planificación de la Familia
300 ## - DESCRIPCIÓN FÍSICA
Extensión 27 p. :
Dimensiones 22 cm
942 ## - ADDED ENTRY ELEMENTS (KOHA)
Source of classification or shelving scheme Dewey Decimal Classification
Koha item type Libros
945 ## - INFORMACIÓN DE PROCESAMIENTO LOCAL
Información de procesamiento local inventariado extranjero / DG
956 ## - LOCAL ELECTRONIC LOCATION AND ACCESS (OCLC)
Nombre de host dgarcia
Existencias
Withdrawn status Lost status Source of classification or shelving scheme Damaged status Not for loan Collection code Home library Current library Date acquired Source of acquisition Total Checkouts Barcode Date last seen Price effective from Koha item type
    Dewey Decimal Classification       Biblioteca Pública Metropolitana Salomé Ureña Biblioteca Pública Metropolitana Salomé Ureña 09/19/2016 Donado   BPMSU6090401 09/19/2016 09/19/2016 Libros